Statistics for Montreal Canadiens roster 2016-17 (final)

Click here to take the quiz!

General Stats

  • This quiz has been taken 90 times
  • The average score is 16 of 25

Answer Stats

NumberPlayer% Correct
6Shea Weber
99%
11Brandan Gallagher
96%
31Carey Price
96%
67Max Pacioretty
90%
41Paul Byron
90%
27Alex Galchenyuk
86%
79Andrei Markov
83%
14Tomas Plekanec
83%
24Phillip Danault
79%
26Jeff Petry
76%
47Alexander Radulov
73%
62Artturi Lehkonen
73%
74Alexei Emelin
71%
35Al Montoya
67%
65Andrew Shaw
67%
8Jordie Benn
59%
28Nathan Beaulieu
51%
32Bryan Flynn
46%
17Torrey Mitchell
46%
88Brandon Davidson
43%
21Dwight King
40%
92Steve Ott
37%
89Nikita Nesterov
30%
37Andreas Martinsen
29%
34Michael McCarron
27%

Score Distribution

Percentile by Number Answered

Percent of People with Each Score

Your Score History

You have not taken this quiz